Power station engineering and economy

Saved in:
Bibliographic Details
Main Author: Skrotzki, Bernhardt G. A.
Other Authors: Vopat, William A.
Format: Book
Language:English
Published: New Delhi : Tata McGraw-Hill, 1996
Subjects:
Tags: Add Tag
No Tags, Be the first to tag this record!

MARC

LEADER 00000nam a2200000 i 4500
001 1/17659
008 981006s1996 eng d
020 |a 0-07-099573-7 
035 |l 10020639 
040 |a GR-MY-UA  |b gre  |e aacr 
041 0 |a eng 
082 0 |a 658.15 
100 1 |a Skrotzki, Bernhardt G. A. 
245 1 0 |a Power station engineering and economy /  |c Bernhardt G. A. Skrotzki; William A. Vopat 
260 |a New Delhi :   |b Tata McGraw-Hill,   |c 1996 
300 |a 751 p.  |b fig., tables 
500 |a Second edition of applied energy conversion 
504 |a Includes index 
650 0 0 |a Engineering economy. 
650 0 0 |a Corporations  |x Finance. 
700 1 |a Vopat, William A. 
852 |a INST  |b LESVOS  |e 19981006  |h 658.15 SKR  |p 005100013141  |q 005100013141  |t BK  |y 0 
909 |a Λ  |b 059185 
922 |a 1ΕΛΗ  |b 199809  |c ΚΠΣ/ΤΠ  |d ΠΑΠΑΣΩΤΗΡΙΟΥ 
950 |a 107-1998-07-18 
970 |z 2000/06/ΟΙΚΟΝΟΜΟΠΟΥΛΟΥ ΧΡΙΣΤΙΝΑ